000 00627nam a2200205 a 4500
005 20231024063635.0
008 991125s1960 mx 000 0 spa u
035 _aUPN01000018676
049 _aLT
050 4 _aLB1589 M6.6
_bE34 LE
245 0 0 _aEjercicios de aritmética y geometría :
_b5o y 6o años.
260 _aMéxico :
_bAvante,
_c[1960].
300 _a96 p.
500 _a"Cuadernos de tareas"
500 _aDatos tomados de la portada
650 4 _aAritmética
_xEstudio y enseñanza (Elemental)
_95289
650 4 _aGeometría
_xEstudio y enseñanza (Elemental)
_94869
905 _aLibro
999 _c18676
_d18676